WORKSHOP on Development of Sustainable Integrated Small Ruminant - Tree Cropping Production Systems (1992 : Kuala Lumpur) : Advances in sustainable small ruminant - tree cropping integrated systems : proceedings of the ...

Bibliographic Details
Other Authors: Agamuthu, Mukherjee, Sivaraj
Format: Book
Published: Kuala Lumpur : Institute of Advanced Studies, University of Malaya , 1993
Subjects:

MARC

LEADER 00000cam a2200000 7i4500
001 0000000084
005 20000717.0
020 0 0 |a 9839576194 
090 0 0 |a 636.20095   |b WOR 1993 
245 0 0 |a WORKSHOP on Development of Sustainable Integrated Small Ruminant - Tree Cropping Production Systems (1992 : Kuala Lumpur) :   |b Advances in sustainable small ruminant - tree cropping integrated systems : proceedings of the ...   |c editors S. Sivaraj, P. Agamuthu and T.K. Mukherjee 
260 0 0 |a Kuala Lumpur :   |b Institute of Advanced Studies, University of Malaya ,   |c 1993 
300 |a xv, 243p. :   |b col. ill. ;   |c 26 cm. 
500 0 0 |a Includes bibliographical references 
650 0 0 |a Livestock   |z Asia   |x Congresses 
650 0 0 |a Ruminants   |z Asia   |x Congresses 
650 0 0 |a Tree crops   |x Congresses 
700 0 1 |a Agamuthu   |h P. 
700 0 1 |a Mukherjee   |h T.K. 
700 0 1 |a Sivaraj   |h S. 
999 |a 0000000980   |b Monograph   |c Open Shelf   |e Default branch